Taylor Swift - Paroles ...Ready For It? - Statistiques

Statistiques générales
  • Ce quiz a été pris 346 fois
    109 depuis la dernière actualisation
  • Le résultat moyen est 380 sur 443
Statistiques - réponses
Hint Réponse % Correct
a
100%
I
100%
You
100%
you
100%
for
99%
he
97%
He
97%
(mmm)
97%
mmm)
97%
time
97%
are
96%
Are
96%
first
96%
it?
96%
me
96%
Oh,
96%
ready
96%
saw
96%
see
96%
baby
94%
Post-refrain Baby,
94%
(baby,
94%
be
94%
Refrain In
94%
in
94%
my
94%
(my
94%
the
94%
was
94%
we
94%
(we
94%
do,
93%
do
93%
do),
93%
dreams
93%
dreams)
93%
go
93%
(go)
93%
him
93%
how
93%
know
93%
know)
93%
middle
93%
night,
93%
night
93%
of
93%
an
91%
and
91%
And
91%
gon'
91%
is
91%
killer
91%
should
91%
so
91%
So
91%
then
91%
to
91%
this
90%
begin
88%
gonna
88%
let
88%
Let
88%
No
88%
(No
88%
take
88%
things
88%
alone
87%
never
87%
Never
87%
that
87%
Touch
87%
with
87%
games
86%
has
86%
I'm
86%
man,
84%
one
84%
you'll
84%
can
83%
I'll
80%
Couplet 1 | Couplet 2 Knew
80%
haunted
78%
But
77%
but
77%
girls
77%
if
77%
left
77%
Wonder
77%
Island
75%
island,
75%
many
74%
phantom
74%
Taylor
72%
ghost,
70%
like
70%
Like
70%
try
68%
now,
67%
now
67%
(now)
67%
robber
67%
sorry
67%
down
65%
hard
65%
he's
65%
too
65%
tryin'
65%
boys
64%
low
64%
(low)
64%
same
64%
Some,
64%
some
64%
had
62%
vendetta
62%
love
58%
saying
58%
all,
57%
breeze
57%
lights
57%
act
55%
forever
55%
don't
54%
such
54%
Every
51%
exes
49%
Holdin'
49%
join
49%
keep
49%
we'll
49%
loved
48%
move
48%
Stealing
48%
at
46%
better,
46%
nothing
46%
than
46%
thief,
46%
hearts
45%
ransom
45%
jailer,
43%
tame
43%
Burton
42%
failure
42%
very
42%
I've
41%
their
41%
though
41%
Younger
41%
names
39%
known
38%
heist
36%
running
36%
forget
35%
off
32%
comparison
30%
Aucun quiz correspondant
Distribution des résultats
% des personnes avec chaque résultat
Percentile par nombre de réponses
Votre historique - résultats
Vous n’avez pas pris ce quiz depuis la dernière actualisation